000 01344nam a2200325 c 4500
003 BLK
005 20240809130933.0
008 180407b bul|||||r ||||||| ||bul||
010 _aKNG00033687000
020 _a954-527-148-5
_bиздат.: Дамян Яков
040 _aBLK
041 _aBUL
_cBUL
080 _aНемска литература
_b821.112.2
_x-93-91
_z821.112.2-93-91
100 1 _aРаспе, Рудолф Ерих
_eпърви автор
_9115325
700 1 _aКаралийчев, Ангел Иванов
_d1902-1972
_eпреразк.
_976702
139 _aРаспе, Рудолф Ерих
_bР 38
245 1 0 _aПриключенията на барон Мюнхаузен
_bАдапт. разкази за деца
_cРудолф Ерих Распе; преразк. Ангел Иванов Каралийчев.
250 _a9. изд.
257 _aDEU
260 София
_bДамян Яков
_c2000
300 _a96 с.
_bс ил.
_c21 см
380 _aDX
500 _aБез сведение за ориг. загл. - 1. изд. 1933 на изд. Хемус ; В кн. означено 6. изд. - 1 500 тир.
852 _aЦб 205874
856 4 _qpdf
_u
856 4 _qpdf
_u
942 _cKNG
_n0
_05
944 _aCR
_c15.01.2003
_lЛиляна Коева
_k30532
944 _aED
_c06.03.2014
_lф /
_k
999 _c31044
_d31044